000 00518cam a22002412 4500
001 0000019164
005 20151217152147.0
008 101018s xx 000 0 eng d
020 _a
040 _aKABU
_cKABU
100 1 _a
245 1 4 _aThe East African law journal, vol. 1 /
_c
250 _a
260 _a
_b.,
_c2004.
300 _a
500 _aPhotocopy.
505 8 _aPages: 1-20; 21-46.
650 0 _a
_z
700 1 _a
700 1 _a
908 _a101018
999 _c8851
_d8851